El vidrio romano en el museo del Puig des Molins
Збережено в:
| Автор: | |
|---|---|
| Формат: | Книга |
| Мова: | Іспанська |
| Опубліковано: |
Ibiza, España
Govern Balear
1989
|
| Серія: | Trabajos del Museo Arqueológico de Ibiza,
21 |
| Предмети: | |
| Теги: |
Додати тег
Немає тегів, Будьте першим, хто поставить тег для цього запису!
|
MARC
| LEADER | 00000nam a2200000 a 4500 | ||
|---|---|---|---|
| 001 | UCP7842 | ||
| 003 | CL-VaPUC | ||
| 005 | 20250228083813.0 | ||
| 008 | 000106e19890000SP |||||||||||||||||spa|d | ||
| 999 | |c 284884 |d 284882 | ||
| 040 | |c Pontificia Universidad Católica de Valparaíso | ||
| 082 | 0 | 4 | |a 930.146 MIG 1989 |2 21 |
| 100 | |a Miguélez Ramos, Cristina |e autora |9 437483 | ||
| 245 | 1 | 3 | |a El vidrio romano en el museo del Puig des Molins |
| 260 | |a Ibiza, España |b Govern Balear |c 1989 | ||
| 300 | |a 79 páginas | ||
| 490 | 0 | |a Trabajos del Museo Arqueológico de Ibiza, |v 21 | |
| 583 | |a last modification |c 20000106 00:00:00 |k Rodrigo Vera | ||
| 650 | 0 | |a Arqueología |z IBIZA |z ESPAÑA |9 265619 | |
| 650 | 0 | |a Vidrio |x ROMANOS |z IBIZA |9 262883 | |
| 650 | 0 | |a Historia |x ROMANOS |9 255047 | |
| 852 | |a BIBCUR | ||
| 942 | |c BK |2 ddc | ||
| 945 | |d 20000106 00:00:00 |a rherrera | ||
| 952 | |0 0 |1 0 |2 ddc |4 0 |6 930_146000000000000_MIG_1989 |7 0 |8 A |9 329183 |a BIBHIS |b BIBHIS |d 2019-11-20 |i 137981K |o 930.146 MIG 1989 |p 137981K |r 2025-01-20 |t 1 |w 2019-11-20 |y BK |k HIS | ||